[Event "County match"]
[Site "?"]
[Date "1974.10.26"]
[Round "?"]
[White "NoelJohnson, R."]
[Black "Stebbings, A."]
[Result "0-1"]
[WhiteElo "2000"]
[BlackElo "2136"]
[PlyCount "77"]
[EventDate "1974.??.??"]

1. d4 Nf6 2. Nf3 d5 3. c4 e6 4. Bg5 h6 5. Bxf6 Qxf6 6. Nc3 c6 7. e3 Nd7 8. cxd5
exd5 9. Be2 Bd6 10. O-O O-O 11. e4 dxe4 12. Nxe4 Qe6 13. Bd3 Bc7 14. Re1 Nf6
15. Qc2 Nxe4 16. Bxe4 Qd6 17. Bh7+ Kh8 18. Bf5 Bb6 19. Rad1 Bxf5 20. Qxf5 Rad8
21. Re3 Kg8 22. Red3 Qd5 23. Qxd5 Rxd5 24. Kf1 Rfd8 25. Ke2 f6 26. h3 Kf7 27.
b4 a5 28. a3 axb4 29. axb4 Ra8 30. R1d2 Ra1 31. Rb3 Rb5 32. Kd3 Bc7 33. Rc2 Ra4
34. Kc4 Bd6 35. Rcb2 Ra1 36. Rb1 Ra8 37. Rd1 Rd5 38. Rdb1 Ra4 39. Kd3 0-1

[Event "Essex league"]
[Site "?"]
[Date "1974.10.31"]
[Round "?"]
[White "Stebbings, A."]
[Black "Coleman, D."]
[Result "0-1"]
[WhiteElo "2136"]
[BlackElo "2040"]
[PlyCount "60"]
[EventDate "1974.??.??"]

1. e4 c5 2. Nf3 d6 3. d4 cxd4 4. Nxd4 Nf6 5. Nc3 a6 6. Be3 e5 7. Nb3 Be7 8. f3
Be6 9. Qd2 O-O 10. O-O-O Qc7 11. g4 Rc8 12. g5 Nfd7 13. Kb1 b5 14. h4 Nc6 15.
Nd5 Bxd5 16. exd5 Na7 17. Qf2 a5 18. Nc1 b4 19. h5 f5 20. gxf6 Bxf6 21. Rg1 a4
22. Nd3 a3 23. Nxb4 axb2 24. c4 Qa5 25. Qxb2 Rcb8 26. a3 Nc8 27. Bc1 e4 28. Qb3
Nc5 29. Qe3 Rxb4+ 30. Kc2 Rb3 0-1

[Event "Essex league"]
[Site "?"]
[Date "1974.11.08"]
[Round "?"]
[White "Cannan, D."]
[Black "Stebbings, A."]
[Result "0-1"]
[WhiteElo "1864"]
[BlackElo "2136"]
[PlyCount "81"]
[EventDate "1974.??.??"]

1. e4 c5 2. Nf3 e6 3. d4 cxd4 4. Nxd4 Nc6 5. Nc3 a6 6. Be3 Qc7 7. Be2 Nf6 8.
O-O Bb4 9. Bf3 Ne5 10. Bf4 Bxc3 11. Bxe5 Qxe5 12. bxc3 Nxe4 13. Re1 d5 14. Qe2
Qc7 15. Bxe4 dxe4 16. Qxe4 Qxc3 17. Rab1 O-O 18. Re3 Qc5 19. h3 Ra7 20. Nb3 Qc7
21. Qd4 b5 22. Rc1 Rd8 23. Qh4 f6 24. Nd4 e5 25. Nf3 Be6 26. g4 h6 27. a3 Qa5
28. Qg3 b4 29. axb4 Qxb4 30. c3 Qb2 31. Rce1 Rc7 32. Nxe5 fxe5 33. Qxe5 Rc6 34.
Qa5 Rdd6 35. Rxe6 Rxe6 36. Qd8+ Kh7 37. Qd3+ Rg6 38. h4 Qxc3 39. Qe4 Rce6 40.
Qxe6 Rxe6 41. Rxe6 0-1

[Event "Tournament: BCF ch. qualifier"]
[Site "?"]
[Date "1974.11.18"]
[Round "?"]
[White "Hawson, J."]
[Black "Stebbings, A."]
[Result "0-1"]
[WhiteElo "1968"]
[BlackElo "2136"]
[PlyCount "116"]
[EventDate "1974.??.??"]

1. e4 c5 2. Nf3 e6 3. c4 Nc6 4. Nc3 Nf6 5. d4 cxd4 6. Nxd4 Bb4 7. f3 d5 8. cxd5
exd5 9. Nxc6 bxc6 10. Qd4 Qe7 11. Bd2 O-O 12. O-O-O c5 13. Qd3 Bxc3 14. Bxc3
dxe4 15. fxe4 Nxe4 16. Qe3 Qb7 17. Bc4 Nxc3 18. Qxc3 Qb4 19. Bxf7+ Kh8 20. Qxb4
cxb4 21. Rhf1 Bb7 22. Rd7 Bxg2 23. Rg1 Be4 24. Re7 Bf5 25. Kd2 Rad8+ 26. Ke2
Rd7 27. Rxd7 Bxd7 28. Bb3 h6 29. Rg6 Bb5+ 30. Ke3 Rf6 31. Rg4 a5 32. Rd4 Bc6
33. h4 g5 34. hxg5 hxg5 35. Rg4 Rg6 36. Kd4 Bd7 37. Rg1 g4 38. Bc2 Rg5 39. Rh1+
Kg8 40. Rh7 g3 41. Rh1 Bc6 42. Rg1 g2 43. Ke3 Kf7 44. Kf4 Rh5 45. Kg3 Rh1 46.
Kf2 Rxg1 47. Kxg1 Kf6 48. a3 Ke5 49. axb4 axb4 50. b3 Kd4 51. Kf2 Kc3 52. Bd1
Bd5 53. Kg1 Bxb3 54. Bf3 Bc4 55. Kxg2 b3 56. Be4 Bd3 57. Bd5 b2 58. Ba2 Kb4 0-1

[Event "Tournament: BCF ch. qualifier"]
[Site "?"]
[Date "1974.11.24"]
[Round "?"]
[White "Stebbings, A."]
[Black "Trangmar, A."]
[Result "1/2-1/2"]
[WhiteElo "2136"]
[BlackElo "2240"]
[PlyCount "48"]
[EventDate "1974.??.??"]

1. e4 c5 2. Nf3 Nc6 3. d4 cxd4 4. Nxd4 g6 5. Be3 Nf6 6. Nc3 Bg7 7. Nb3 d6 8.
Be2 O-O 9. f4 Be6 10. O-O Qc8 11. Kh1 Rd8 12. Bf3 d5 13. e5 Ng4 14. Bg1 d4 15.
Ne2 Ne3 16. Bxe3 dxe3 17. Qc1 Nb4 18. Nbd4 Bd5 19. Bxd5 Nxd5 20. c4 Nb4 21. b3
f6 22. exf6 Bxf6 23. Qxe3 Qc5 24. a3 Nc6 1/2-1/2

[Event "County match"]
[Site "?"]
[Date "1974.11.30"]
[Round "?"]
[White "Stebbings, A."]
[Black "MilnerBarry, P."]
[Result "0-1"]
[WhiteElo "2136"]
[BlackElo "2312"]
[PlyCount "80"]
[EventDate "1974.??.??"]

1. e4 e5 2. Nf3 Nc6 3. Bb5 Bc5 4. O-O Nf6 5. c3 O-O 6. d4 Bb6 7. Re1 d6 8. h3
Ne7 9. Na3 c6 10. Bf1 Ng6 11. g3 h6 12. Nc2 Re8 13. Bg2 Be6 14. b3 Qd7 15. Kh2
Rad8 16. Bb2 Qc7 17. c4 Bc8 18. Qd2 c5 19. d5 Ba5 20. Bc3 Bxc3 21. Qxc3 Qe7 22.
Nd2 Nh7 23. Ne3 Qf6 24. Rf1 h5 25. b4 b6 26. a4 cxb4 27. Qxb4 Nhf8 28. a5 Nd7
29. axb6 axb6 30. Ra7 Nc5 31. Qxb6 h4 32. Nb1 Qg5 33. g4 Qf4+ 34. Kg1 Nxe4 35.
Rc7 Ng5 36. Nd2 Qf6 37. c5 Nf4 38. cxd6 Nfxh3+ 39. Bxh3 Nxh3+ 40. Kh2 Nxf2 0-1

[Event "London league"]
[Site "?"]
[Date "1974.12.10"]
[Round "?"]
[White "Stebbings, A."]
[Black "Bowmer, K."]
[Result "1-0"]
[WhiteElo "2136"]
[BlackElo "1960"]
[PlyCount "55"]
[EventDate "1974.??.??"]

1. e4 c5 2. Nf3 Nc6 3. d4 cxd4 4. Nxd4 g6 5. Be3 Nf6 6. Nc3 Bg7 7. Nb3 O-O 8.
Be2 d6 9. f4 a5 10. a4 Be6 11. O-O Qc8 12. h3 Nb4 13. Bf3 Rd8 14. Rf2 d5 15. e5
Ne4 16. Bxe4 dxe4 17. Rd2 g5 18. Nd4 Bxh3 19. gxh3 Qxh3 20. Qe1 gxf4 21. Bxf4
Ra6 22. Qxe4 Rg6+ 23. Kf2 Bh6 24. Rh1 Qg4 25. Bxh6 Qg3+ 26. Kf1 Rg4 27. Qxg4+
Qxg4 28. Rg1 1-0

[Event "Tournament: BCF ch. qualifier"]
[Site "?"]
[Date "1974.12.15"]
[Round "?"]
[White "Hodgson, JH."]
[Black "Stebbings, A."]
[Result "0-1"]
[WhiteElo "2032"]
[BlackElo "2136"]
[PlyCount "67"]
[EventDate "1974.??.??"]

1. e4 c5 2. Nf3 e6 3. d4 cxd4 4. c3 dxc3 5. Nxc3 Nc6 6. Bc4 d6 7. O-O Nge7 8.
Bg5 a6 9. Qe2 h6 10. Be3 Ng6 11. Rad1 b5 12. Bb3 Be7 13. Nd4 Nxd4 14. Bxd4 O-O
15. f4 Qc7 16. Qg4 b4 17. Ne2 Kh7 18. Qh5 Bd7 19. f5 Ne5 20. Nf4 Bb5 21. Rf2
exf5 22. Nd5 Qb7 23. exf5 Bg5 24. Nf4 Bc4 25. Bxc4 Nxc4 26. Nh3 Be3 27. Bxe3
Nxe3 28. Re1 Rfe8 29. f6 Re5 30. Qh4 Nf5 31. Ng5+ Kg8 32. Rxf5 Rxf5 33. Ne4 d5
34. Ng3 0-1

[Event "Tournament: BCF ch. qualifier"]
[Site "?"]
[Date "1974.12.22"]
[Round "?"]
[White "Stebbings, A."]
[Black "Rudge, J."]
[Result "1-0"]
[WhiteElo "2136"]
[BlackElo "2144"]
[PlyCount "59"]
[EventDate "1974.??.??"]

1. e4 c5 2. Nf3 Nc6 3. d4 cxd4 4. Nxd4 e6 5. Nc3 d6 6. Be3 Nf6 7. f4 Be7 8. Qf3
e5 9. Nf5 Bxf5 10. exf5 O-O 11. O-O-O Qa5 12. Bc4 Rac8 13. Bb3 exf4 14. Qxf4
Ne5 15. h3 Rfe8 16. g4 h6 17. Kb1 Rxc3 18. bxc3 Qxc3 19. Bxa7 Nc6 20. Bd4 Nxd4
21. Qxd4 Qa5 22. Rhe1 d5 23. Re3 Kh7 24. Qa4 Qc5 25. Red3 Rd8 26. Qd4 Ne4 27.
Qxc5 Bxc5 28. Re1 Bb4 29. Rxe4 dxe4 30. Rxd8 1-0

[Event "Tournament: BCF ch. qualifier"]
[Site "?"]
[Date "1974.12.29"]
[Round "?"]
[White "Escott, K."]
[Black "Stebbings, A."]
[Result "0-1"]
[WhiteElo "2064"]
[BlackElo "2136"]
[PlyCount "79"]
[EventDate "1974.??.??"]

1. e4 c5 2. Nf3 e6 3. d4 cxd4 4. Nxd4 Nc6 5. Nc3 a6 6. g3 Nge7 7. Nb3 Na5 8.
Nxa5 Qxa5 9. Bg2 Nc6 10. O-O d6 11. f4 Be7 12. f5 O-O 13. f6 Bxf6 14. Rxf6 gxf6
15. Bh6 Qc5+ 16. Kh1 Ne5 17. Bxf8 Kxf8 18. Qh5 Kg7 19. Rf1 Qe3 20. Qd1 Nc4 21.
Rf3 Qc5 22. b3 Ne5 23. Na4 Qc7 24. Rf2 b5 25. Nb2 Bb7 26. Nd3 Nxd3 27. cxd3 Qc5
28. Qf3 Qe5 29. h4 Rc8 30. Qe3 Rc3 31. Rf4 Qc5 32. Rg4+ Kf8 33. Qh6+ Ke7 34.
Rg8 Rc1+ 35. Kh2 Qg1+ 36. Kh3 Rc8 37. Rxc8 Bxc8 38. Qxh7 e5+ 39. g4 Bxg4+ 40.
Kxg4 0-1

[Event "Tournament: BCF ch. qualifier"]
[Site "?"]
[Date "1975.01.05"]
[Round "?"]
[White "Stebbings, A."]
[Black "Sutton, J."]
[Result "1-0"]
[WhiteElo "2136"]
[BlackElo "2040"]
[PlyCount "77"]
[EventDate "1975.??.??"]

1. e4 e6 2. d4 d5 3. Nc3 Nf6 4. Bg5 Bb4 5. e5 h6 6. Be3 Ne4 7. Qg4 g6 8. a3
Bxc3+ 9. bxc3 b6 10. Bd3 h5 11. Qf3 Bb7 12. h4 Nd7 13. Ne2 c5 14. Qf4 c4 15.
Bxe4 dxe4 16. Ng3 f5 17. exf6 Qxf6 18. Qxf6 Nxf6 19. Bg5 Ng4 20. O-O O-O 21.
Rae1 e5 22. Nxe4 exd4 23. cxd4 Rae8 24. f3 Bc6 25. Nd6 Rxe1 26. Rxe1 Nf6 27.
Re6 Kg7 28. Nxc4 Bd5 29. Re7+ Rf7 30. Rxf7+ Kxf7 31. Ne5+ Kg7 32. c4 Be6 33.
Bxf6+ Kxf6 34. Kf2 a6 35. Ke3 b5 36. cxb5 axb5 37. Ke4 Bb3 38. d5 Bc2+ 39. Kd4
1-0

[Event "Essex league"]
[Site "?"]
[Date "1975.01.10"]
[Round "?"]
[White "Stebbings, A."]
[Black "Smith, IB."]
[Result "1-0"]
[WhiteElo "2136"]
[BlackElo "2144"]
[PlyCount "61"]
[EventDate "1975.??.??"]

1. d4 Nf6 2. c4 g6 3. Nc3 Bg7 4. e4 d6 5. Be2 O-O 6. Nf3 c6 7. O-O e5 8. h3
Nbd7 9. Re1 exd4 10. Nxd4 Nc5 11. Bf1 Re8 12. f3 a5 13. Rb1 Nh5 14. Be3 Be5 15.
Qd2 Qh4 16. Bf2 Qf4 17. Qxf4 Nxf4 18. Rbd1 Bd7 19. h4 Rad8 20. g3 Nfe6 21. Nde2
Bc8 22. Rd2 f5 23. exf5 gxf5 24. f4 Bf6 25. Red1 Be7 26. Nc1 Rd7 27. Bh3 Rf8
28. Nb3 Nxb3 29. axb3 Ng7 30. Ra1 Bd8 31. Na4 1-0

[Event "County match"]
[Site "?"]
[Date "1975.01.11"]
[Round "?"]
[White "Howells, K."]
[Black "Stebbings, A."]
[Result "1-0"]
[WhiteElo "2080"]
[BlackElo "2136"]
[PlyCount "79"]
[EventDate "1975.??.??"]

1. e4 c5 2. Nf3 e6 3. d4 cxd4 4. Nxd4 Nc6 5. Be3 Nf6 6. Bd3 a6 7. O-O Qc7 8.
Qe2 Ne5 9. h3 Bc5 10. f4 Ng6 11. c3 d6 12. Nb3 Bxe3+ 13. Qxe3 O-O 14. N1d2 b6
15. g4 e5 16. f5 Nf4 17. Rxf4 exf4 18. Qxf4 Nd7 19. g5 Ne5 20. Be2 Bb7 21. Nf3
Rfe8 22. Nbd4 d5 23. exd5 Bxd5 24. Nxe5 Qxe5 25. Qxe5 Rxe5 26. c4 Be4 27. Kf2
Bxf5 28. Nc6 Rc5 29. Ne7+ Kf8 30. Bf3 Rd8 31. b4 Re5 32. Nc6 Rd2+ 33. Kg3 Re3
34. Kf4 Ra3 35. Ne5 Be6 36. c5 Rd4+ 37. Kg3 Rxb4 38. Rd1 Rb5 39. Rd8+ Ke7 40.
Nc6# 1-0

[Event "County match"]
[Site "?"]
[Date "1975.01.25"]
[Round "?"]
[White "Stebbings, A."]
[Black "Staples, M."]
[Result "0-1"]
[WhiteElo "2136"]
[BlackElo "2072"]
[PlyCount "60"]
[EventDate "1975.??.??"]

1. e4 e5 2. Nf3 Nc6 3. Bb5 f5 4. d3 fxe4 5. dxe4 Nf6 6. O-O d6 7. Nc3 Be7 8.
Qd3 O-O 9. Qc4+ Kh8 10. Bxc6 bxc6 11. Qxc6 Rb8 12. b3 Rb4 13. Nd5 Nxd5 14. exd5
e4 15. Qc3 a5 16. Nd4 Rxd4 17. Qxd4 Bf6 18. Qxe4 Bxa1 19. Bd2 Be5 20. Bxa5 Bf5
21. Qc4 Qf6 22. f4 Bd4+ 23. Kh1 Be4 24. Bxc7 Qg6 25. Qe2 Bxc2 26. Qe7 Re8 27.
Qxd6 Qd3 28. Rc1 Qd2 29. Rf1 Qe2 30. Rc1 Qe1+ 0-1

[Event "London league"]
[Site "?"]
[Date "1975.02.07"]
[Round "?"]
[White "Stebbings, A."]
[Black "Stuart, P."]
[Result "1/2-1/2"]
[WhiteElo "2136"]
[BlackElo "2080"]
[PlyCount "40"]
[EventDate "1975.??.??"]

1. d4 e6 2. e4 c5 3. Nf3 cxd4 4. Nxd4 Nc6 5. Nc3 a6 6. Be3 Qc7 7. Bd3 Nf6 8.
Nb3 b5 9. f4 d6 10. Qf3 Bb7 11. O-O h5 12. h3 h4 13. a4 b4 14. Ne2 Nd7 15. Qf2
Na5 16. Nxa5 Qxa5 17. Nd4 Nc5 18. Nb3 Qc7 19. Nxc5 dxc5 20. b3 Be7 1/2-1/2

[Event "County match"]
[Site "?"]
[Date "1975.02.15"]
[Round "?"]
[White "Stebbings, A."]
[Black "O'Sullivan, B."]
[Result "1-0"]
[WhiteElo "2136"]
[BlackElo "2120"]
[PlyCount "61"]
[EventDate "1975.??.??"]

1. d4 Nf6 2. c4 g6 3. Nc3 d5 4. Nf3 Bg7 5. Bf4 O-O 6. Rc1 c6 7. e3 e6 8. Bd3 b6
9. cxd5 exd5 10. h3 Bb7 11. O-O Nbd7 12. b4 Re8 13. Qb3 Rc8 14. Rfd1 Nf8 15.
Bb1 Qe7 16. Ne5 Ne6 17. Bh2 Ba8 18. Rd2 c5 19. dxc5 bxc5 20. bxc5 Nxc5 21. Qd1
Nfe4 22. Nxd5 Qe6 23. Bxe4 Nxe4 24. Rxc8 Rxc8 25. Nc7 Qe7 26. Rd7 Nc3 27. Qb3
Ne2+ 28. Kf1 Bxg2+ 29. Kxg2 Qg5+ 30. Kf1 Bxe5 31. Qxf7+ 1-0

[Event "Essex league"]
[Site "?"]
[Date "1975.02.26"]
[Round "?"]
[White "Kalinsky, S."]
[Black "Stebbings, A."]
[Result "1/2-1/2"]
[WhiteElo "2104"]
[BlackElo "2136"]
[PlyCount "28"]
[EventDate "1975.??.??"]

1. e4 c5 2. Nf3 e6 3. d4 cxd4 4. Nxd4 Nc6 5. Be3 Nf6 6. Nc3 Bb4 7. Bd3 d5 8.
exd5 Nxd5 9. Nxc6 bxc6 10. Bd2 Nxc3 11. bxc3 Be7 12. Qg4 Bf6 13. O-O Bd7 14.
Rab1 Rb8 1/2-1/2

[Event "County match"]
[Site "?"]
[Date "1975.03.01"]
[Round "?"]
[White "Stebbings, A."]
[Black "Kanamori, A."]
[Result "1/2-1/2"]
[WhiteElo "2136"]
[BlackElo "2240"]
[PlyCount "103"]
[EventDate "1975.??.??"]

1. d4 Nf6 2. c4 c5 3. d5 b5 4. cxb5 a6 5. bxa6 Bxa6 6. Nc3 g6 7. Nf3 d6 8. Nd2
Qa5 9. e4 Bxf1 10. Kxf1 Bg7 11. g3 O-O 12. Kg2 Nbd7 13. Nc4 Qa6 14. Qe2 Rfb8
15. Rb1 Ne8 16. Bd2 Nc7 17. Rhc1 Nb5 18. Nxb5 Rxb5 19. a3 Rxb2 20. Qd3 Ne5 21.
Nxe5 Qxd3 22. Nxd3 Rxd2 23. Ne1 f5 24. Rc2 Rd4 25. exf5 gxf5 26. Rb7 Bf6 27.
Ra2 Raa4 28. Nc2 Rxd5 29. Ne3 Re5 30. Rb3 c4 31. Rb4 Rxb4 32. axb4 Rb5 33. Nxc4
Rxb4 34. Ne3 Rb5 35. Ra8+ Kf7 36. Rd8 Bd4 37. Kf3 Rb2 38. h4 Bc5 39. h5 Bxe3
40. Kxe3 Rb4 41. Kf3 Re4 42. Rh8 Kg7 43. Rd8 Kh6 44. Rf8 Kg5 45. Rf7 h6 46. g4
Rf4+ 47. Ke3 Rxg4 48. Rxe7 Re4+ 49. Rxe4 fxe4 50. Kxe4 Kxh5 51. Kf5 d5 52. f4
1/2-1/2

[Event "Tournament: BCF ch. qualifier"]
[Site "?"]
[Date "1975.03.15"]
[Round "?"]
[White "Stebbings, A."]
[Black "Byway, P."]
[Result "1/2-1/2"]
[WhiteElo "2136"]
[BlackElo "2272"]
[PlyCount "42"]
[EventDate "1975.??.??"]

1. e4 c5 2. Nf3 Nc6 3. d4 cxd4 4. Nxd4 Nf6 5. Nc3 e6 6. Ndb5 Bb4 7. a3 Bxc3+ 8.
Nxc3 d5 9. exd5 exd5 10. Bd3 O-O 11. O-O d4 12. Ne2 Ng4 13. Bf4 Qf6 14. Qd2 Bf5
15. Bxf5 Qxf5 16. h3 Nge5 17. Bxe5 Qxe5 18. Rfe1 Rfe8 19. Rad1 Qf6 20. Nc1 h6
21. Nd3 Qf5 1/2-1/2

[Event "County match"]
[Site "?"]
[Date "1975.03.22"]
[Round "?"]
[White "Stebbings, A."]
[Black "Emerson, R."]
[Result "1/2-1/2"]
[WhiteElo "2136"]
[BlackElo "2216"]
[PlyCount "70"]
[EventDate "1975.??.??"]

1. d4 Nf6 2. c4 e6 3. Nc3 d5 4. cxd5 exd5 5. Bg5 Be7 6. e3 O-O 7. Bd3 h6 8. Bh4
Nbd7 9. Qc2 Re8 10. Nge2 c5 11. dxc5 Nxc5 12. O-O Bg4 13. Bb5 Rf8 14. Rfd1 Qb6
15. Rac1 Rac8 16. f3 Be6 17. Nd4 a6 18. Bf1 Ncd7 19. Bf2 Rc7 20. Qb3 Qxb3 21.
Nxb3 Rfc8 22. Bg3 Bc5 23. Kf2 Rc6 24. Nxc5 Nxc5 25. Be5 Na4 26. Rd2 Nd7 27. Bd4
b5 28. Rcd1 Nxc3 29. Bxc3 Nb6 30. Bd4 Na4 31. Bd3 Nc5 32. Ke2 Nxd3 33. Kxd3 f6
34. Ke2 Kf7 35. Ke1 Rc4 1/2-1/2

[Event "Tournament: BCF ch. qualifier"]
[Site "?"]
[Date "1975.03.23"]
[Round "?"]
[White "Trangmar, A."]
[Black "Stebbings, A."]
[Result "1/2-1/2"]
[WhiteElo "2240"]
[BlackElo "2136"]
[PlyCount "128"]
[EventDate "1975.??.??"]

1. d4 Nf6 2. c4 g6 3. g3 Bg7 4. Bg2 d5 5. cxd5 Nxd5 6. e4 Nb4 7. d5 c6 8. Ne2
cxd5 9. a3 Qa5 10. O-O d4 11. Bd2 N8c6 12. Qe1 Qa6 13. Bxb4 Nxb4 14. Nxd4 Nd3
15. Qc3 O-O 16. Rd1 Nxb2 17. Qxb2 Rd8 18. Qb4 Qd6 19. Nc3 Qxb4 20. axb4 Bxd4
21. Nb5 Bb6 22. Rxd8+ Bxd8 23. Rxa7 Rxa7 24. Nxa7 Bd7 25. Bf1 e6 26. Kg2 Be7
27. b5 Bc5 28. b6 Bxb6 29. Nb5 Bc6 30. Bd3 Kf8 31. f3 Ke7 32. Kf1 Kf6 33. f4
Ke7 34. Ke2 f6 35. Kf3 f5 36. Nc3 Ba5 37. Ne2 Kd6 38. Ke3 fxe4 39. Bxe4 Bb6+
40. Kd3 Bxe4+ 41. Kxe4 Bd8 42. Nd4 Bf6 43. Nb3 Kc6 44. g4 Kb5 45. h3 b6 46. f5
exf5+ 47. gxf5 g5 48. Kd5 h5 49. Ke6 Bc3 50. f6 Bxf6 51. Kxf6 g4 52. hxg4 hxg4
53. Nd4+ Kc4 54. Nf5 b5 55. Kg5 b4 56. Kxg4 Kd3 57. Nd6 b3 58. Nb5 b2 59. Na3
Kc3 60. Kf3 Kb3 61. Nb1 Kc2 62. Na3+ Kc1 63. Ke3 b1=Q 64. Nxb1 Kxb1 1/2-1/2

[Event "Essex league"]
[Site "?"]
[Date "1975.03.24"]
[Round "?"]
[White "Stebbings, A."]
[Black "Lane, F."]
[Result "1-0"]
[WhiteElo "2136"]
[BlackElo "1912"]
[PlyCount "59"]
[EventDate "1975.??.??"]

1. d4 d5 2. c4 dxc4 3. Nf3 a6 4. e3 e6 5. Bxc4 b5 6. Bb3 Bb7 7. O-O Nf6 8. Qe2
Bd6 9. Rd1 O-O 10. a4 Nbd7 11. Nbd2 bxa4 12. Bxa4 Nb6 13. Bb3 Qe7 14. e4 Bf4
15. e5 Nfd5 16. Ne4 Bxc1 17. Raxc1 Nf4 18. Qc2 h6 19. Ba2 Bxe4 20. Qxe4 Nfd5
21. h4 f5 22. exf6 Qxf6 23. Bb1 Nd7 24. Rc6 Rfe8 25. Re1 Nf8 26. Ba2 Qd8 27.
Rxe6 Rxe6 28. Bxd5 Kh8 29. Bxe6 Rb8 30. Ne5 1-0

[Event "Tournament: Southend SCCU ch."]
[Site "?"]
[Date "1975.03.28"]
[Round "?"]
[White "Stebbings, A."]
[Black "Moore, G."]
[Result "1-0"]
[WhiteElo "2136"]
[BlackElo "1864"]
[PlyCount "71"]
[EventDate "1975.??.??"]

1. e4 g6 2. d4 Bg7 3. c3 d6 4. f4 Nf6 5. Bd3 e5 6. Nf3 exf4 7. Bxf4 O-O 8. O-O
c5 9. Nbd2 cxd4 10. cxd4 Nc6 11. Re1 Bg4 12. Qb3 d5 13. e5 Nh5 14. Be3 Qd7 15.
Rac1 Kh8 16. Bb5 Rac8 17. Qa4 f6 18. exf6 Bxf6 19. Rc5 Bg7 20. Rec1 Qe6 21. Bf2
Nf4 22. Re1 Qf5 23. Rc3 a6 24. Bxc6 Rxc6 25. Rxc6 bxc6 26. Re3 Bh6 27. Re5 Qd3
28. Qa3 Bxf3 29. Nxf3 Nh3+ 30. gxh3 Qxa3 31. bxa3 Rxf3 32. Re8+ Kg7 33. Rc8
Rxa3 34. Rxc6 Rxa2 35. Rc7+ Kg8 36. Ra7 1-0

[Event "Tournament: Southend SCCU ch."]
[Site "?"]
[Date "1975.03.29"]
[Round "?"]
[White "Parr, F."]
[Black "Stebbings, A."]
[Result "1-0"]
[WhiteElo "2216"]
[BlackElo "2136"]
[PlyCount "109"]
[EventDate "1975.??.??"]

1. c4 Nf6 2. g3 e6 3. Bg2 d5 4. Nf3 Bd6 5. O-O Nbd7 6. b3 c6 7. Bb2 O-O 8. d4
b5 9. Nbd2 a5 10. Qc2 Ba6 11. c5 Bc7 12. Rfe1 Re8 13. Ne5 Nxe5 14. dxe5 Nd7 15.
Nf3 b4 16. e4 Qe7 17. Bd4 Rec8 18. Rac1 Bb8 19. Qd2 Ba7 20. Qe3 Rc7 21. Rc2
Rac8 22. Nd2 Rb8 23. f4 h6 24. Bh3 Re8 25. Kg2 Kh7 26. Ra1 Bb8 27. Nf3 Rb7 28.
Rac1 Bb5 29. exd5 exd5 30. Qd2 Bc7 31. Bb2 Rbb8 32. Nd4 g6 33. Bg4 Nf8 34. Be2
Red8 35. Bxb5 cxb5 36. Nc6 Qd7 37. Nxb8 Rxb8 38. c6 Qf5 39. Qxd5 Rd8 40. Qf3
Ne6 41. Re2 Rd3 42. Qf1 Qg4 43. Rf2 Re3 44. Re1 Bb6 45. Rf3 Rxe1 46. Qxe1 g5
47. h3 Qf5 48. Qd2 gxf4 49. Qd3 Qxd3 50. Rxd3 fxg3 51. Kxg3 Kg6 52. Rd5 Nc7 53.
Rd6+ Ne6 54. Rd7 Nc5 55. Rd5 1-0

[Event "Tournament: Southend SCCU ch."]
[Site "?"]
[Date "1975.03.29"]
[Round "?"]
[White "Stebbings, A."]
[Black "Bramley, E."]
[Result "1-0"]
[WhiteElo "2136"]
[BlackElo "2112"]
[PlyCount "35"]
[EventDate "1975.??.??"]

1. e4 d5 2. exd5 Qxd5 3. Nc3 Qa5 4. Nf3 Nf6 5. d4 Bg4 6. Be2 Nbd7 7. O-O e6 8.
Nd2 Bxe2 9. Qxe2 c6 10. Nc4 Qc7 11. Qf3 Nd5 12. Ne4 b5 13. Ne3 Qf4 14. Nxd5
Qxf3 15. Nc7+ Ke7 16. gxf3 Rc8 17. Na6 Kd8 18. Bf4 1-0

[Event "Tournament: Southend SCCU ch."]
[Site "?"]
[Date "1975.03.30"]
[Round "?"]
[White "O'Brien, R."]
[Black "Stebbings, A."]
[Result "1/2-1/2"]
[WhiteElo "2072"]
[BlackElo "2136"]
[PlyCount "35"]
[EventDate "1975.??.??"]

1. e4 c5 2. Nf3 e6 3. d4 cxd4 4. Nxd4 Nc6 5. Be2 a6 6. O-O Qc7 7. c4 Nf6 8.
Nxc6 bxc6 9. Qc2 c5 10. Nc3 Be7 11. b3 O-O 12. Bb2 d6 13. f4 Nd7 14. Rae1 Bf6
15. Bf3 Bb7 16. g3 Bd4+ 17. Kh1 Kh8 18. h4 1/2-1/2

[Event "Tournament: Southend SCCU ch."]
[Site "?"]
[Date "1975.03.30"]
[Round "?"]
[White "Stebbings, A."]
[Black "Pugh, J."]
[Result "1-0"]
[WhiteElo "2136"]
[BlackElo "2088"]
[PlyCount "71"]
[EventDate "1975.??.??"]

1. e4 c5 2. Nf3 d6 3. d4 cxd4 4. Nxd4 Nf6 5. Nc3 a6 6. Be3 Nc6 7. Nb3 e6 8. f4
Be7 9. Bd3 Qc7 10. Qf3 O-O 11. O-O b5 12. a4 b4 13. Ne2 a5 14. g4 Bb7 15. g5
Nd7 16. Qh5 Rfe8 17. Rf3 g6 18. Qh6 d5 19. Rh3 Nf8 20. f5 exf5 21. exf5 Qe5 22.
f6 Bxf6 23. gxf6 Qxf6 24. Rf1 Qe5 25. Nbd4 f5 26. Nxc6 Bxc6 27. Bd4 Qe7 28. Nf4
Qf7 29. Rg3 Re7 30. Nh5 Nd7 31. Bxf5 Rf8 32. Bd3 Qe6 33. Rxg6+ Qxg6+ 34. Bxg6
Rxf1+ 35. Kxf1 hxg6 36. Qxg6+ 1-0

[Event "Tournament: Southend SCCU ch."]
[Site "?"]
[Date "1975.03.31"]
[Round "?"]
[White "Povah, N."]
[Black "Stebbings, A."]
[Result "1/2-1/2"]
[WhiteElo "2168"]
[BlackElo "2136"]
[PlyCount "76"]
[EventDate "1975.??.??"]

1. e4 c5 2. Nf3 e6 3. d4 cxd4 4. Nxd4 Nc6 5. Nc3 a6 6. Be3 Qc7 7. Bd3 Nf6 8.
O-O Ne5 9. h3 Bc5 10. Kh1 d6 11. Qe2 b5 12. f4 Ng6 13. Rad1 O-O 14. Qf2 Qa7 15.
b4 Bxd4 16. Bxd4 Qe7 17. e5 dxe5 18. Bc5 Qc7 19. Bxg6 hxg6 20. Bxf8 Kxf8 21.
fxe5 Qxe5 22. Qf3 Rb8 23. Rfe1 Qc7 24. Qd3 Bb7 25. Qd6+ Qxd6 26. Rxd6 Rc8 27.
Rd3 Nd5 28. Nxd5 Bxd5 29. c3 Bxa2 30. Ra1 Bc4 31. Rd7 Bd5 32. Ra3 Ra8 33. Rd6
Ke7 34. Rdxa6 Rc8 35. Rb6 Bc4 36. Rb7+ Kf6 37. Rd7 e5 38. Kg1 Rh8 1/2-1/2

[Event "Tournament: BCF ch. qualifier"]
[Site "?"]
[Date "1975.04.06"]
[Round "?"]
[White "Hindle, O."]
[Black "Stebbings, A."]
[Result "1-0"]
[WhiteElo "2360"]
[BlackElo "2136"]
[PlyCount "107"]
[EventDate "1975.??.??"]

1. e4 c5 2. Nf3 e6 3. d4 cxd4 4. Nxd4 Nc6 5. Nc3 a6 6. Be2 Qc7 7. Be3 Nf6 8.
O-O Bb4 9. Nxc6 bxc6 10. Qd4 c5 11. Qc4 Bb7 12. Bf3 d6 13. Rfd1 O-O 14. Bf4 e5
15. Bg5 Bxc3 16. bxc3 Ne8 17. Rab1 h6 18. Bh4 g5 19. Bg3 Nf6 20. h3 Rfb8 21.
Qd3 Rd8 22. Rb2 Bc6 23. Rdb1 Kg7 24. Qc4 Kg6 25. a4 Qa5 26. Ra1 Rab8 27. Rxb8
Rxb8 28. Qd3 Rd8 29. Ra3 Rd7 30. Qc4 Rb7 31. Kh2 Rb2 32. Qd3 Ne8 33. Be2 Bb7
34. h4 Qb6 35. Qf3 Ng7 36. h5+ Kh7 37. Qxf7 Bxe4 38. Bc4 Qd8 39. Rb3 Rxb3 40.
cxb3 Qa8 41. f3 Bf5 42. Qf6 Qb8 43. a5 Bc2 44. Bf7 Bf5 45. Bg6+ Bxg6 46. Qxg6+
Kg8 47. Qxh6 Qxb3 48. Qxd6 Qxc3 49. h6 Qxa5 50. hxg7 Kxg7 51. Bxe5+ Kf7 52.
Qd7+ Kf8 53. Bg7+ Kg8 54. Bf6 1-0

[Event "Tournament: BCF ch. qualifier"]
[Site "?"]
[Date "1975.04.13"]
[Round "?"]
[White "Perkins, A."]
[Black "Stebbings, A."]
[Result "1/2-1/2"]
[WhiteElo "2280"]
[BlackElo "2136"]
[PlyCount "36"]
[EventDate "1975.??.??"]

1. d4 Nf6 2. c4 g6 3. Nc3 d5 4. Nf3 Bg7 5. e3 O-O 6. b4 b6 7. Bb2 c5 8. bxc5
bxc5 9. Rc1 cxd4 10. Nxd4 Bb7 11. Qb3 Qb6 12. Na4 Qxb3 13. axb3 Nc6 14. Nc5
Nxd4 15. Bxd4 Bc6 16. cxd5 Bxd5 17. f3 Rab8 18. Bc4 Rfd8 1/2-1/2